000 00467nam a2200169 i 4500
001 45445
003 ES-MaACL
005 20230906161223.0
007 t|
008 030326s1969 sp a |||| | spa d
100 1 _aColl y Coll, Antonio.
_939638
245 1 0 _aTeoría y técnica del automovil /
_cAntonio Coll y Coll.
260 _aBarcelona :
_bCEAC,
_c1969.
300 _a658 p. :
_bil. ;
_c25 cm.
650 0 4 _aAutomóviles.
_910435
852 _aES-MaACL
_jC-42302
999 _c45445
_d45445